The ULTIMATE FNAF Character Quiz - Pictures - Statistics

General Stats
  • This quiz has been taken 1,094 times
  • The average score is 85 of 140
Answer Stats
Picture Answer % Correct
Toy Freddy
95%
Withered Freddy
95%
Golden Freddy
93%
Nightmare
93%
Freddy Fazbear
92%
Shadow Freddy
91%
Bonnie
88%
Nightmare Freddy
88%
Chica
87%
Toy Bonnie
87%
Fredbear
86%
Funtime Freddy
86%
Phantom Freddy
86%
Springtrap
86%
Withered Bonnie
86%
Shadow Bonnie
85%
Foxy
84%
Mangle
84%
Withered Golden Freddy
84%
Glamrock Freddy
83%
Nightmare Bonnie
83%
Nightmare Chica
83%
Rockstar Freddy
83%
Toy Chica
83%
Withered Chica
83%
Balloon Boy
82%
Nightmare Foxy
82%
Nightmare Fredbear
82%
Withered Foxy
82%
Funtime Foxy
80%
Glamrock Chica
79%
Rockstar Bonnie
79%
The Puppet
79%
Funtime Chica
78%
Glamrock Bonnie
78%
Mr. Cupcake
78%
Nightmare Balloon Boy
78%
Nightmare Mangle
78%
Ballora
77%
Phantom Chica
77%
Rockstar Chica
77%
Bon-Bon
76%
Circus Baby
76%
Jack-O-Chica
76%
Jack-O-Bonnie
75%
Nightmare Cupcake
75%
Phantom Foxy
75%
Plushtrap
75%
Rockstar Foxy
75%
Spring Bonnie
75%
Phantom Mangle
74%
Freddles
73%
Lefty
73%
Shadow Balloon Boy
73%
DJ Music Man
72%
Ennard
72%
Glitchtrap
72%
Montgomery Gator
72%
Vanny
72%
Phantom Puppet
71%
Scraptrap
71%
Shadow Mangle
71%
JJ
70%
Lolbit
70%
Helpy
69%
Mr. Hippo
69%
Phantom Balloon Boy
69%
Scrap Baby
69%
Bonnet
68%
Dreadbear
68%
Molten Freddy
67%
Nightmarionne
67%
Burntrap
66%
Roxanne Wolf
66%
El Chip
64%
Endo-01
63%
Endo-02
62%
Happy Frog
61%
Dee Dee
60%
Pig Patch
60%
Minireena
59%
Nedd Bear
59%
Bidybab
58%
The Scooper
58%
Orville Elephant
57%
Map Bot
56%
The Blob
56%
Twisted Freddy
56%
Yenndo
56%
Twisted Bonnie
55%
Electrobab
54%
Moondrop
54%
Sundrop
54%
Twisted Chica
54%
Security Bot
52%
Security Puppet
51%
Twisted Foxy
51%
Candy Cadet
48%
Nightmare Endo
47%
Grimm Foxy
45%
Golden Cupcake
44%
Lemonade Clown
44%
Fruit Punch Clown
43%
Twisted Wolf
42%
XOR
42%
Funtime Cupcake
41%
Glamrock Endo
41%
Captain Foxy
40%
Glamrock Mr. Hippo
40%
8-Bit Cupcake
39%
Mr. Hugs
39%
Egg Baby
37%
Mop Bot
37%
Pan Stan
37%
Shadow Puppet
37%
Wet Floor Bot
37%
Bucket Bob
36%
Magician Bot
36%
No.1 Crate
36%
Prize King
36%
Dark Freddy
34%
Mr. Can-Do
34%
Neon Bonnie
34%
Neon Chica
33%
Alien Bot
32%
Party Freddy
31%
Burnt Foxy
25%
Dark Foxy
25%
Comedy Bot
24%
Lil' Music Man
24%
Nightmarionne Bot
24%
Nanny Bot
23%
Party Bot
23%
Pizza Bot
22%
Rockstar Foxy's Parrot
22%
Worker Bot
20%
Driver Assist Bot
19%
Server Bot
19%
Attendant Bot
18%
Instructor Bot
17%
No matching quizzes found
Score Distribution
Percent of People with Each Score
Percentile by Number Answered
Your Score History
You have not taken this quiz